00919 a2200181 4500003000500000005001700005010001600022020001500038040000900053082001500062245011700077260003500194300003300229490006100262505036000323650002500683700002900708Nust20221018125312.0 a 79004459 a0824767594 cNust00a610.28,DEM00aApplied biomedical electronics for technicians /cDean A. DeMarre ... [et al.] ; illustrated by Dean A. DeMarre. aNew York :bM. Dekker,cc1979. axi, 334 p. :bill. ;c24 cm.0 aBiomedical engineering and instrumentation series ; v. 5 aElectricity In The Hospital (Page-1), Capacitance And Inductance (Page-25), Introduction To Alternating Current (Page-47), Basic Measurements (Page-71), Hospital Safety (Page-89), Semiconductors (Page-105), Signal Processing (Page-149), Transducers (Page-185), Hospital Devices (Page-209), Medical Instrument Sys (Page-259), Hospital Computers (Page-303). 0aMedical electronics.1 aDeMarre, Dean A.,d1936-